000 00335nam a22001337a 4500
008 181030b xxu||||| |||| 00| 0 eng d
020 _a9789400721012
041 _aeng
080 _a101
100 _a24
101 _aFIL
245 _aThe Science of Sensibility: Reading Burke's Philosophical Enquiry
_cVermeir, K
942 _2udc
_cBK
999 _c51148
_d51148